10 types of metals Quiz Stats

 Plays Quiz not verified by Sporcle

Support Sporcle.
Go Orange.
Score 0/10 Timer 01:00
0 Plays Today
can you name them all? 1998 % Correct
no hintcopper
92.3%
no hintiron
76.9%
no hintzinc
46.2%
no hintsteel
46.2%
no hinttin
38.5%
alloyaluminium
23.1%
no hintlead
23.1%
no hintmagnesium
15.4%
no hintmaganese
0%
no hintcobalt
0%

You're not logged in!

Compare scores with friends on all Sporcle quizzes.
OR
Log In

From the Vault

That Song in the Movie

by MoMosMoProblems

Singing along is optional.
Remove Ads.
Support Sporcle.
Get the best of Sporcle when you Go Orange. This ad-free experience offers more features, more stats, and more fun while also helping to support Sporcle. Thank you for becoming a member.

Show Comments

Extras

Created Mar 29, 2012ReportNominate
Tags:1998, metal, Wesley

Top Quizzes Today


Score Distribution

Your Account Isn't Verified!

In order to create a playlist on Sporcle, you need to verify the email address you used during registration. Go to your Sporcle Settings to finish the process.

Report this User

Report this user for behavior that violates our Community Guidelines.

Details: